01081cam a2200301 i 450000100090000000300090000900500170001800800410003502000250007604000380010108200170013924500680015625000200022426400500024430000590029433600260035333700280037933800270040750400520043465000280048665100100051465300340052465500170055870000340057594200120060999900170062195201410063816523999EG-ScBUE20250731092018.0101029s2011 enka f b 001 0 eng d a9780273731184 (pbk.) aDLCbengerdacDLCdDLCdEG-ScBUE04a542bPRA22200aPractical skills in chemistry /cJohn R. Dean [and five others] aSecond edition. 1aHarlow : bPearson Education Limited, c2011. axvii, 569 pages :billustrations (some color) ;c28 cm 2rdacontentatextbtxt 2rdamediaaunmediatedbn 2rdacarrieravolumebnc aIncludes bibliographical references and index.  72BUEshaChemistry.94328 2BUEsh bENGGENcJuly2015cJanuary2016 vReading book1 aDean, John R.,eauthor.96258 2ddccBB c20094d20066 00102ddc40708ScientificaMAINbMAINc1STd2015-07-01ePurchaseg395.00h1091l0o542 PRAp000038842r2025-07-15 00:00:00v494.00yBB